| 000 | 00372nab a22001097u 4500 | ||
|---|---|---|---|
| 008 | 130520b1978 xxu||||| |||| 00| 0 eng d | ||
| 041 | _aeng | ||
| 100 | 1 |
_aDauenhauer, Bernard P. _950085 |
|
| 245 | 0 | 0 |
_aDon Ihde´s "Listening and Voice" plus two Conjectures _cBernard P. Dauenhauer |
| 773 | 0 |
_tPhilosophy Today _gV.22, nº1,1978,págs. 34-42 _x0031-8256 _wRev325 |
|
| 942 | _cAR | ||
| 999 |
_c302897 _d302897 |
||